000
00330nam a2200121Ia 4500
008
170221s9999 xx 000 0 und d
245
_a
INFLUENCE FACTORS FOR LEASING MARKET CONTRACTS
260
_b
Management & Marketing
260
_c
2012
300
_a
7 : 1
650
_x
Marketing.
856
_u
http://www.mnmk.ro/en/nrcrt.php
999
_c
314001
_d
314001